Movies Filmed in the USA - Sudden Death - Statistics

General Stats
  • This quiz has been taken 119 times
  • The average score is 5 of 10
Answers on the Grid
Answers color-coded by a green-red scale on the quiz's grid according to % correct below.
Jurassic Park
Forrest Gump
Monty Python and The Holy Grail
Godfather
28 Days Later
The Truman SHow
Lord of the Rings
1917
Gladiator
Good Will Hunting
The Dark Knight
Inception
Pulp Fiction
No Country for Old Men
The Revenant
Home Alone
Skyfall
Rocky
Mad Max: Fury Road
The Grand Budapest Hotel
 
Answer Stats
Answer % Correct
Home Alone
68%
Forrest Gump
58%
Godfather
57%
The Truman SHow
52%
Good Will Hunting
51%
Rocky
51%
Pulp Fiction
42%
The Dark Knight
38%
Jurassic Park
35%
No Country for Old Men
35%
No matching quizzes found
Score Distribution
Percent of People with Each Score
Percentile by Number Answered
Your Score History
You have not taken this quiz